Dereser und Wessenberg: neue Funde im Wessenberg-Nachlaß
| Main Author: | |
|---|---|
| Format: | Print Article |
| Language: | German |
| Check availability: | HBZ Gateway |
| Interlibrary Loan: | Interlibrary Loan for the Fachinformationsdienste (Specialized Information Services in Germany) |
| Published: |
1954
|
| In: |
Freiburger Diözesan-Archiv
Year: 1953, Volume: 73, Pages: [88]-116 |
| Standardized Subjects / Keyword chains: | B
Dereser, Thaddaeus 1757-1827
/ Wessenberg, Ignaz Heinrich von 1774-1860
|
MARC
| LEADER | 00000caa a2200000 c 4500 | ||
|---|---|---|---|
| 001 | 1622093062 | ||
| 003 | DE-627 | ||
| 005 | 20241113175828.0 | ||
| 007 | tu | ||
| 008 | 080506s1954 xx ||||| 00| ||ger c | ||
| 035 | |a (DE-627)1622093062 | ||
| 035 | |a (DE-576)279900112 | ||
| 035 | |a (DE-599)BSZ279900112 | ||
| 040 | |a DE-627 |b ger |c DE-627 |e rakwb | ||
| 041 | |a ger | ||
| 084 | |a 1 |2 ssgn | ||
| 100 | 1 | |0 (DE-588)118547720 |0 (DE-627)079345840 |0 (DE-576)161349110 |4 aut |a Hegel, Eduard |d 1911-2005 | |
| 109 | |a Hegel, Eduard 1911-2005 |a Hegel, Kurt Eduard 1911-2005 | ||
| 245 | 1 | 0 | |a Dereser und Wessenberg |b neue Funde im Wessenberg-Nachlaß |c von Eduard Hegel |
| 264 | 1 | |c 1954 | |
| 336 | |a Text |b txt |2 rdacontent | ||
| 337 | |a ohne Hilfsmittel zu benutzen |b n |2 rdamedia | ||
| 338 | |a Band |b nc |2 rdacarrier | ||
| 689 | 0 | 0 | |d p |0 (DE-588)119059428 |0 (DE-627)079849873 |0 (DE-576)167731491 |2 gnd |a Dereser, Thaddaeus |d 1757-1827 |
| 689 | 0 | 1 | |d p |0 (DE-588)118631764 |0 (DE-627)133398234 |0 (DE-576)163536899 |2 gnd |a Wessenberg, Ignaz Heinrich von |d 1774-1860 |
| 689 | 0 | |5 (DE-627) | |
| 773 | 0 | 8 | |i In |t Freiburger Diözesan-Archiv |d Freiburg : Herder, 1865 |g 73(1953), Seite [88]-116 |w (DE-627)129069248 |w (DE-600)1713-9 |w (DE-576)014400979 |x 0342-0213 |7 nnas |
| 773 | 1 | 8 | |g volume:73 |g year:1953 |g pages:[88]-116 |
| 889 | |w (DE-627)1862767122 | ||
| 935 | |a mteo | ||
| 935 | |i mdedup | ||
| 951 | |a AR | ||
| ELC | |b 1 | ||
| ITA | |a 1 | ||
| LOK | |0 000 xxxxxcx a22 zn 4500 | ||
| LOK | |0 001 324393379X | ||
| LOK | |0 003 DE-627 | ||
| LOK | |0 004 1622093062 | ||
| LOK | |0 005 20080527083932 | ||
| LOK | |0 008 080527||||||||||||||||ger||||||| | ||
| LOK | |0 040 |a DE-21-35 |c DE-627 |d DE-21-35 | ||
| LOK | |0 852 |a DE-21-35 | ||
| LOK | |0 852 1 |c Zk 218-73 |m p |9 00 | ||
| LOK | |0 852 2 |b Magazin |9 00 | ||
| LOK | |0 935 |a kneu | ||
| LOK | |0 938 |k p | ||
| LOK | |0 939 |a 27-05-08 |b l01 | ||
| ORI | |a SA-MARC-ixtheoa001.raw | ||
| SYG | 0 | 0 | |a Dereser, Anton,1757-1827,Dereser, Johann A.,1757-1827,Dereser, Thaddäus A.,1757-1827,Rathheim, C. de,1757-1827,Ratheim, Cassius de,1757-1827,Ratheim, C. von,1757-1827,Thaddäus,a Sancto Adamo,1757-1827,Thaddäus,a S. Adamo,1757-1827,Thaddaeus,1757-1827,Thaddäus, ...,1757-1827,Thaddäus,von Sankt Adam,1757-1827,Dereser, Thaddäus Anton,1757-1827,Dereser, Thaddaeus,a Sancto Adamo,1757-1827,Dereser, Thaddäus,1757-1827,Dereser, Thaddäus Antonius,1757-1827,Dereser, Johann Anton,1757-1827,Thaddäus,vom Heiligen Adam,1757-1827,Dereser, Thaddaeus Anton,1757-1827,Dereser, Th. Ant.,1757-1827,Deeres, Thaddäus,1757-1827 , Wessenberg, Heinrich von,1774-1860,Wessenberg, Ignaz Heinrich Karl von,1774-1860,Wessenberg, J. H. von,1774-1860,Wessenberg-Ampringen, Ignaz Heinrich von,1774-1860,Ampringen, Ignaz Heinrich von Wessenberg-,1774-1860,Wessenberg, Ignaz Heinrich Kurt von,1774-1860,Wessenberg-Anspringen, Ignatz Heinrich von,1774-1860,Wessenberg Anspringen, Ignatz Heinrich von,1774-1860,Anspringen, Ignatz Heinrich von Wessenberg-,1774-1860,Wessenberg, Ignaz H. von,1774-1860,Wessenberg-Ampringen, Ignaz H. von,1774-1860,Ampringen, Ignaz H. von,1774-1860,Wessenberg, I. H. von,1774-1860,Wessenberg, I. H. v.,1774-1860,Wessenberg, Ignaz Heinrich Karl,Freiherr von,1774-1860,Wessenberg, Ignaz Heinrich Karl von,1774-1860,Wessenberg, Ignaz H. von,1774-1860 |